| 000 | 00796nam a2200277Ia 4500 | ||
|---|---|---|---|
| 001 | Para_7363 | ||
| 003 | CHAP | ||
| 008 | 220125s1975 xx 000 0 und d | ||
| 010 | _a206251 | ||
| 040 | _cCHAP | ||
| 082 | _aPA 641.4 M35 | ||
| 245 |
_aManejo de los alimentos / _c Comp. por Michael Jamieson, Peter Jobber |
||
| 260 |
_aMéxico : _b PAX-México |
||
| 300 | _av. | ||
| 500 | _aContenido: v.1 Ecología del almacenamiento | ||
| 650 |
_aAlimentos _x abastecimiento de _9138374 |
||
| 650 |
_aAlimentos _x preservación _94266 |
||
| 700 |
_aJamieson, Michael / Jobber, Peter _9172504 |
||
| 901 | _aPA 641.4 M35 | ||
| 902 | _aA | ||
| 905 | _a0000001975 a 0000000000 00 | ||
| 910 | _a1975 | ||
| 942 | _cPARA | ||
| 942 |
_cPARA _d1 |
||
| 999 |
_c206251 _d206251 |
||